| 000 | 005350000a22001810004500 | ||
|---|---|---|---|
| 090 |
_aAR _b03911 |
||
| 245 | 1 | 0 | _aGIS at the Alexander von Humboldt Institute, Colombia |
| 300 | _a199 | ||
| 500 | _a<Contribución Humboldt> | ||
| 650 | 1 | 4 |
_aSistemas de información geográficos _996314 |
| 650 | 1 | 4 |
_aMapas ecológicos _994008 |
| 651 | 4 |
_pColombia _992749 |
|
| 041 | 0 | _aInglés | |
| 100 | 1 |
_aArmenteras, Dolors _92694 |
|
| 260 |
_bESRI Press _c2001 |
||
| 942 | _cARTICULO | ||
| 773 | 1 | _tIn Convis, Charles L. ed./ Conservation Geography | |
| 999 |
_c12946 _d12946 |
||